00760nam a2200169 i 450000100060000000300090000600500170001500700030003200800410003510000420007624503320011825000120045026000410046230000400050365000260054385200210056981106ES-MaACL20230906174354.0t|041103s1946 sp af |||| | spa d1 aHoyos Cascón, María Concepción.10aNuevo tratado de corte y confección b: sistema Hoyos expuesto a medidas directas : contiene las reglas necesarias para cortar y confeccionar toda clase de prendas de vestir y ropa blanca, para señora, caballero y niños : trajes regionales y de época : ilustraciones en grabados / cpor Mª Concepción Hoyos Cascón. a3ª ed. aMadrid : b[s.n.], c1946 (fVersal) a178 p., 8 lám. : bil. ; c27 cm. 4aCorte y confección. aES-MaACLjD-7082